Zákon č. 36/2005 Z.z. o rodine s komentárom

Zákon č. 36/2005 Z.z. o rodine v znení uznesenia Ústavného súdu SR č. 297/2005 Z.z., nálezu Ústavného súdu SR č. 615/2006 Z.z., zákona č. 201/2008 Z.z. a zákona č. 217/2010 Z.z.

Salvato in:
Dettagli Bibliografici
Autore principale: Kotová, Jana
Natura: Capitolo di libro
Lingua:slovacco
Soggetti:
Tags: Aggiungi Tag
Nessun Tag, puoi essere il primo ad aggiungerne!!

MARC

LEADER 00000naa a2200000 4500
001 0168593
005 20231120103341.1
041 0 |a slo 
044 |a SK 
245 1 0 |a Zákon č. 36/2005 Z.z. o rodine s komentárom  |c Jana Kotová 
520 |a Zákon č. 36/2005 Z.z. o rodine v znení uznesenia Ústavného súdu SR č. 297/2005 Z.z., nálezu Ústavného súdu SR č. 615/2006 Z.z., zákona č. 201/2008 Z.z. a zákona č. 217/2010 Z.z. 
610 2 0 |a rodina 
610 2 0 |a zákony 
610 2 0 |a deti 
610 2 0 |a výživné 
100 1 |a Kotová, Jana